000 00520nam a2200169 i 4500
001 24640
003 ES-MaACL
005 20230906153104.0
007 t|
008 021218s1960 sp ||||1| spa d
100 1 _aAntonelli, María Teresa.
_921965
245 1 0 _aCultura, vida y cristianismo /
_cMaría Teresa Antonelli ; prólogo de Adolfo Muñoz Alonso.
260 _aMadrid :
_bAgustinus,
_c[1960]
300 _a267 p. ;
_c18 cm.
700 1 _aMuñoz Alonso, Adolfo.
_984346
852 _aES-MaACL
_jC-18896
_bR.46913
999 _c24640
_d24640